LEADER 01038cam--2200349---450 001 990001808420203316 005 20230906145755.0 035 $a000180842 035 $aUSA01000180842 035 $a(ALEPH)000180842USA01 035 $a000180842 100 $a20040701d1970----km-y0itay5003----ba 101 0 $aita 102 $aIT 105 $a||||||||001yy 200 1 $a<> caccia da salvare$escritti e discorsi sulla legge stralcio$fGuido Mazzoni 210 $aFirenze$cSansoni$d1970 215 $a166 p.$d21 cm 225 2 $aCaccia e pesca 410 0$12001$aCaccia e pesca 606 0 $aCaccia$xLegislazione$yItalia$2BNCF 676 $a346.45046954 700 1$aMAZZONI,$bGuido$f<1912-2001>$01423433 801 0$aIT$bsalbc$gISBD 912 $a990001808420203316 951 $aXXIV.3.P 42 (IX A 320)$b64344 L.M.$cXXIV.3.P$d00171868 959 $aBK 969 $aGIU 979 $aSIAV5$b10$c20040701$lUSA01$h1040 979 $aRSIAV4$b90$c20090513$lUSA01$h1253 996 $aCaccia da salvare$93551181 997 $aUNISA LEADER 02287nam 2200409 450 001 9910821830503321 005 20230809235042.0 010 $a3-8325-9302-0 035 $a(CKB)4340000000242246 035 $a(MiAaPQ)EBC5216205 035 $a5e469732-fb58-4bac-a58a-4e00b0dd2d03 035 $a(EXLCZ)994340000000242246 100 $a20180529d2017 uy 0 101 0 $ager 135 $aurcnu|||||||| 181 $ctxt$2rdacontent 182 $cc$2rdamedia 183 $acr$2rdacarrier 200 14$aDie Stimme Im Padagogischen Alltag /$fMichael Fuchs 210 1$aBerlin :$cLogos Verlag,$d2017. 215 $a1 online resource (264 pages) 225 0 $aKinder- und Jugendstimme 300 $aPublicationDate: 20170223 311 $a3-8325-4426-7 330 $aLong description: Dieser Band widmet sich spezifisch der Stimme in pädagogischen und therapeutischen Berufen. Die Berufsfähigkeit der Pädagogen, die Lernleistung der Schüler und die Effekte einer Stimmtherapie sind in starkem Maße von der Gesundheit und Qualität der lehrenden bzw. therapierenden Stimme abhängig. Sie ist Arbeitsinstrument, Teil der individuellen Persönlichkeit und vokales Vorbild zugleich. Nicht nur im musikpädagogischen Kontext kommen Wechselwirkungen mit den Kinder- und Jugendstimmen dazu. Insofern ist eine qualifizierte Ausbildung und spezialisierte medizinische Betreuung dieser Stimmen unerlässlich. Die Beiträge beleuchten den aktuellen Stand der Stimm-Tauglichkeitsuntersuchungen, der stimmlichen Ausbildung und der phoniatrischen Betreuungs- und Behandlungsmöglichkeiten in stimmintensiven Berufen. Akustische, kommunikative und psychologische Rahmenbedingungen werden als Ursachen berufsbedingter Stimmstörungen ebenso thematisiert wie die Vorbildwirkung der Pädagogen-Stimme, stimmtechnische und musikpädagogische Trainingsmöglichkeiten und neuronale Grundlagen des (Singen-)Lernens. 606 $aVoice$xCare and hygiene 615 0$aVoice$xCare and hygiene. 676 $a783.043 700 $aFuchs$b Michael$0500160 702 $aFuchs$b Michael$4edt 801 0$bMiAaPQ 801 1$bMiAaPQ 801 2$bMiAaPQ 906 $aBOOK 912 $a9910821830503321 996 $aDie Stimme Im Padagogischen Alltag$94079262 997 $aUNINA